00673pab a2200205 454500008004000000100002300040245012900063260000900192300001400201362000800215650001800223650001700241700002100258700001600279773003500295908000600330909001000336999001700346952010400363180718b2008 xxu||||| |||| 00| 0 eng d aNierobisz, Annette aHuman rights commissions and public policy: the role of the Canadian human rights Commission in advancing sexual orientation c2008 ap.239-63. aJun aPublic policy aHuman rights aTheroux, Charles aSearl, Mark aCanadian Public Administration aN a79618 c79618d79618 00104070aIIPAbIIPAd2018-07-19hVolume no: 51, Issue no: 2pAR80078r2018-07-19w2018-07-19yAR